00615nam a22002177a 450000500170000001000130001702000230003003500130005303700160006604000120008208200130009410000200010724500650012726000460019227000490023830000250028750000190031265000220033165000260035370000180037920170124110206.0 aA-952599 c195.00a8120313909 aA-952599 bCen Lib/Ret aDPLbEN a005bWIL aWilson, Gloria  aLearning media design /cby Gloria Wilson [and] Gary Bitter  aNew Delhi bPrentice Hall of India c1997 aM-97., connaught circus bNew Delhi e110001 axii, 116p.c21cm(Hb) aInclude index  aComputer science  aMultimedia designing  aBitter, Gary